000 00470 a2200169 4500
001 46439
020 _a9788508114382
040 _cAnchieta - Aquarius
100 _aAlmeida, Fernanda Lopes de
240 1 0 _aA Princesa dos cabelos azuis e o Horroroso Homem dos Pântanos
_lpor
245 1 0 _aA Princesa dos cabelos azuis e o Horroroso Homem dos Pântanos
300 _a32
362 0 _a2007
440 1 _aÁtica
650 4 _aLiteratura infanto-juvenil
942 _cBK
999 _c46439
_d46439